000 00547nam a2200181 4500
001 VA20984
003 ES-SlBCS
005 20210601154251.0
008 140520s1969 xxu||||| |||| 00| 0 spa d
041 _aspa
100 1 _aMartínez Cavero, Mateo
_929474
245 1 0 _aMatrimonio, Concilio y postconcilio
_cMateo Martínez Cavero; Enrique Valcarce Alfayate
260 _aMadrid :
_bStudium
_c, 1969
300 _a114 p.;
_c18 cm
650 _aMatrimonio-Problemática Nueva
_9367994
700 1 0 _aValcarce Alfayate, Enrique
_928360
942 _cBK
999 _c802349
_d802349